000 00543nam a22001697a 4500
005 20251108173100.0
008 250721s2002 xx 000 0 ara d
082 1 4 _a306/ بلق
100 1 _aبلقزيز، عبد الإله
245 1 0 _aالعولمة و الممانعة دراسات في المسألة الثقافية /
264 1 _aاللاذقية :
_bدار الحوار للنشر و التوزيع،
_c2002.
300 _a156ص
650 1 7 _aالثقافة
650 1 7 _aالتدويل
942 _2ddc
_cBK
999 _c95653
_d95653